Southville International School and Colleges
Your cart is empty.
  • Cart
  • Lists
    Public lists Eva Luna New books Lux_list list_1
    Your lists Log in to create your own lists
  • Log in to your account
  • Your cookies
  • Search history
Southville International School and Colleges
  • Advanced search
  • Recent comments
  • Most popular
  • Libraries

Log in to your account

Log in with GOOGLE


If you do not have an external account, but do have a local account, you can still log in:

  1. Home
  2. MARC view: Supply chain management :
Normal view MARC view ISBD view

Supply chain management : (Record no. 23497)

[ view plain ]
MARC details
000 -LEADER
fixed length control field 00698nam a2200241 a 4500
005 - DATE AND TIME OF LATEST TRANSACTION
control field 20140310183453.0
008 - FIXED-LENGTH DATA ELEMENTS--GENERAL INFORMATION
fixed length control field 090710s19uu xx 00 eng d
020 ## - INTERNATIONAL STANDARD BOOK NUMBER
International Standard Book Number 9780230200524
050 ## - LIBRARY OF CONGRESS CALL NUMBER
Classification number HF 5437
Item number .W329 2009
100 ## - MAIN ENTRY--PERSONAL NAME
Personal name Donald, Waters
245 ## - TITLE STATEMENT
Title Supply chain management :
Remainder of title an introduction to logistics /
Statement of responsibility, etc Waters Donald.
250 ## - EDITION STATEMENT
Edition statement 2nd ed.
260 ## - PUBLICATION, DISTRIBUTION, ETC. (IMPRINT)
Place of publication, distribution, etc London :
Name of publisher, distributor, etc Palgrave Macmillan,
Date of publication, distribution, etc 2009.
300 ## - PHYSICAL DESCRIPTION
Extent 511 p. :
Other physical details ill. ;
Dimensions 26 cm.
521 ## - TARGET AUDIENCE NOTE
Target audience note
650 ## - SUBJECT ADDED ENTRY--TOPICAL TERM
Topical term or geographic name as entry element BSBA.
650 ## - SUBJECT ADDED ENTRY--TOPICAL TERM
Topical term or geographic name as entry element Entrepreneurship.
650 ## - SUBJECT ADDED ENTRY--TOPICAL TERM
Topical term or geographic name as entry element Business logistics.
650 ## - SUBJECT ADDED ENTRY--TOPICAL TERM
Topical term or geographic name as entry element Industrial procurement
General subdivision management.
650 ## - SUBJECT ADDED ENTRY--TOPICAL TERM
Topical term or geographic name as entry element Materials management.
942 ## - ADDED ENTRY ELEMENTS (KOHA)
Koha item type Books
Source of classification or shelving scheme Library of Congress Classification
Call number prefix Foreign
Holdings
Withdrawn status Lost status Source of classification or shelving scheme Damaged status Home library Current library Shelving location Date acquired Source of acquisition Cost, normal purchase price Total Checkouts Full call number Barcode Date last seen Copy number Price effective from Koha item type
    Library of Congress Classification   College Library College Library General Circulation Section 07/10/2009 Donation 4492.00   HF 5437 .W329 2009 C10335 05/15/2018 1 10/18/2013 Books

Supply chain management :

APA

Donald W., . (2009). Supply chain management. London: Palgrave Macmillan.

Chicago

Donald Waters, . 2009. Supply chain management. London: Palgrave Macmillan.

Harvard

Donald W., . (2009). Supply chain management. London: Palgrave Macmillan.

MLA

Donald Waters, . Supply chain management. London: Palgrave Macmillan. 2009.

  • Place hold
  • Print
  • Cite
  • Add to your cart (remove)
  • Save record
    BIBTEX Dublin Core MARCXML MARC (non-Unicode/MARC-8) MARC (Unicode/UTF-8) MARC (Unicode/UTF-8, Standard) MODS (XML) RIS
  • More searches
    Search for this title in:
    Other Libraries (WorldCat) Other Databases (Google Scholar) Online Stores (Bookfinder.com) Open Library (openlibrary.org)

Exporting to Dublin Core...

SOUTHVILLE LIBRARY

Southville International School and Colleges Library

1281 Tropical Ave. Cor. Luxembourg St., BF Homes International, Las Pinas City

Tel. No. 8256374 / 252358 Loc. 117/146

Powered by Koha